Percy Jackson General Knowledge #4 - Statistics

General Stats
  • This quiz has been taken 129 times
  • The average score is 10 of 16
Answer Stats
Hint Answer % Correct
Half-Blood Son of Hephaestus Who Can Control Fire, Also Known As Bad Boy Supreme Leo Valdez
98%
Sorceress Who Turns Percy Jackson Into a Guinea Pig Circe
86%
Card Game That Nico di Angelo Was Obsessed With Mythomagic
86%
Roman God of Doorways Who Confronts Annabeth in the Labyrinth Janus
80%
Half-Blood Son of Hermes Who Goes Mad After Getting Lost In the Labyrinth Chris Rodriguez
78%
Evil Spider Cursed By Athena Who Annabeth Traps in Chinese Handcuffs Arachne
76%
Food Nico di Angelo Gives to the Dead in Percy's Dreams Happy Meals
70%
Minor God of Dreams Who Set Manhattan to Sleep in the Second Titan War Morpheus
57%
Angry Goddess of Snow, Daughter of ^ Khione
54%
Chain Store That Pops Up Every Time a Hydra Head is Chopped Off Monster Donut
54%
Magical Metal That Nico di Angelo's Sword is Made of Stygian Iron
54%
Half-Blood Son of Apollo Who Died In the Second Titan War On a Bridge Percy Destroyed Michael Yew
51%
French Speaking God of the North Wind Who Lives in Quebec City Boreas
49%
Twin Giants That Kidnapped Nico di Angelo Otis
38%
Twin Giants That Kidnapped Nico di Angelo Ephialtes
23%
God of Agriculture Who Turns Nico di Angelo Into Corn Triptolemus
11%
No matching quizzes found
Score Distribution
Percent of People with Each Score
Percentile by Number Answered
Your Score History
You have not taken this quiz